Yellow Rangers Quiz Stats

 Plays Quiz not verified by Sporcle

Score 0/21 Timer 04:00
2 Plays Today
Team Ranger % Correct
Mighty Morphin' 1 & 2Trini Kwan
91.1%
Mighty Morphin' 2 & 3Aisha Campbell
85.1%
SPDElizabeth Delgado
81.7%
Ninja StormWaldo Brooks
81.1%
Dino Thunder, 'Once a Ranger'Kira Ford
81.1%
Turbo & In SpaceAshley Hammond
80.5%
Zeo & TurboTanya Sloan
79.2%
Lost GalaxyMaya
78.6%
Mystic ForceCharlie Thorn
76.4%
MegaforceGia Moran
76.3%
SamuraiEmily
75.9%
Team Ranger % Correct
Wild ForceTaylor Earhardt
75.2%
Time ForceKatie Walker
72.4%
Jungle FuryLillian Chilman
72%
RPMSummer Landsdown
70.9%
Lightspeed RescueKelsey Winslow
68.9%
Operation OverdriveVeronica Robinson
68.4%
Alien RangersTideus
52.9%
Ninja SteelCalvin Maxwell
46%
'Wild West Rangers'Miss Alicia
43.8%
Beast MorphersZoey Reeves
38.1%

You're not logged in!

Compare scores with friends on all Sporcle quizzes.
OR
Log In

Show Comments

Extras

Top Quizzes Today


Score Distribution

Your Account Isn't Verified!

In order to create a playlist on Sporcle, you need to verify the email address you used during registration. Go to your Sporcle Settings to finish the process.

Report this User

Report this user for behavior that violates our Community Guidelines.

Details: